Najlepsi strzelcy Ligi Mistrzów i Pucharu Europy. - Statystyki

Ogólne statystyki
  • Ten quiz został rozwiązany 804 razy
  • Średni wynik to 12 z 30
Statystyki odpowiedzi
* Odpowiedź % Poprawnych
1) Cristiano Ronaldo
99%
2 Lionel Messi
99%
5) Robert Lewandowski
97%
4) Karim Benzema
81%
23 Neymar
69%
3 Raul Gonzalez
68%
19) Gerd Muller
58%
15) Thomas Muller
58%
10) Zlatan Ibrahimovic
56%
8) Thierry Henry
55%
19 Wayne Rooney
48%
16) Sergio Aguero
45%
13 Didier Drogba
42%
22) Samuel Eto'o
35%
19 Edinson Cavani
33%
13) Alessandro Del Piero
31%
7) Andrij Shevchenko
30%
23 Arjen Robben
26%
9) Filippo Inzaghi
26%
27 Kaka
26%
10 Alfredo Di Stefano
24%
6) Ruud van Nistelrooy
24%
18) Ferenc Puskas
21%
26) Rivaldo
18%
12) Eusebio
16%
27 Steven Gerrard
16%
27) Ryan Giggs
14%
23) David Trezeguet
10%
17) Fernando Morientes
9%
27 Patrick Kluivert
8%
Nie znaleziono quizów pasujących do podanych kryteriów
Rozkład punktacji
Procent ludzi z każdym wynikiem
Percentyl według liczby udzielonych odpowiedzi
Twoja historia wyników
Nie rozwiązałeś tego quizu